| 000 | 00665nam a22001817a 4500 | ||
|---|---|---|---|
| 005 | 20230130035658.0 | ||
| 008 | 230130b |||||||| |||| 00| 0 eng d | ||
| 020 | _a978-621-426-084-3 | ||
| 082 | _aFil. 657 F897 2019 | ||
| 100 |
_aFrias, Solita A. _eauthor |
||
| 245 |
_aFinancial accounting and reporting fundamentals II: _b(partnership and corporation) / _cSolita A. Frias, Consolacion L. Fajardo |
||
| 260 |
_aManila: _bUnlimited Books Library Services & Publishing, _cc2019. |
||
| 300 |
_axiv, [369]p.; _bill. |
||
| 541 | _e6217 c.1, 6218 c.2, 6219 c.3 | ||
| 650 | _aAccounting | ||
| 650 | _aFinancial statements | ||
| 700 |
_aFajardo, Consolacion L. _eauthor |
||
| 999 |
_c741 _d741 |
||